[Event "N1 Reykjavik Open 2014"]
[Site "Reykjavik, Iceland"]
[Date "2014.03.11"]
[Round "9.96"]
[White "Mehringer, Joerg"]
[Black "Pajeken, Jakob Leon"]
[Result "1/2-1/2"]
[WhiteElo "1927"]
[BlackElo "1703"]
[EventDate "2014.03.04"]
[PlyCount "119"]

1. e4 e5 2. Nf3 Nc6 3. Bc4 Bc5 4. c3 Nf6 5. d4 exd4 6. cxd4 Bb4+ 7. Bd2 
Nxe4 8. Bxb4 Nxb4 9. Bxf7+ Kxf7 10. Qb3+ d5 11. Ne5+ Ke6 12. Qxb4 Qf8 13. 
Qxf8 Rxf8 14. O-O c5 15. Nf3 Kd6 16. dxc5+ Kxc5 17. Nbd2 Nxd2 18. Nxd2 Bf5
19. Rac1+ Kb6 20. Nf3 Rac8 21. Nd4 Bd3 22. Rfe1 Rxc1 23. Rxc1 Re8 24. f3 
Re7 25. Kf2 Rc7 26. Rxc7 Kxc7 27. Ne6+ Kd6 28. Nf4 Bb1 29. a3 g5 30. Ne2 
Kc5 31. Ke3 Kc4 32. Nd4 a5 33. g3 a4 34. f4 gxf4+ 35. gxf4 Kc5 36. f5 Kc4 
37. h4 h5 38. f6 Bg6 39. Nf3 d4+ 40. Nxd4 Kd5 41. Ne2 Ke6 42. Nc3 Be8 43. 
Kf4 Kxf6 44. Ne4+ Ke6 45. Nc5+ Kd5 46. Nxb7 Kc6 47. Na5+ Kd5 48. Nb7 Kc6 
49. Na5+ Kb5 50. b4 axb3 51. Nxb3 Ka4 52. Nc5+ Kxa3 53. Ne4 Kb4 54. Nf6 
Bf7 55. Kg5 Kc5 56. Nxh5 Kd6 57. Nf6 Ke7 58. Nh7 Bg8 59. Kh6 Bxh7 60. Kxh7
1/2-1/2

[Event "N1 Reykjavik Open 2014"]
[Site "Reykjavik, Iceland"]
[Date "2014.03.11"]
[Round "9.97"]
[White "Hauksdottir, Hrund"]
[Black "Flodmark, Tarras"]
[Result "0-1"]
[WhiteElo "1668"]
[BlackElo "1922"]
[EventDate "2014.03.04"]
[PlyCount "48"]

1. e4 c5 2. Nf3 d6 3. d4 cxd4 4. Nxd4 Nf6 5. Nc3 a6 6. Be3 e5 7. Nb3 Nbd7 
8. f3 Nb6 9. Qd2 Be6 10. O-O-O Nc4 11. Bxc4 Bxc4 12. g4 h6 13. h4 b5 14. 
g5 Nd7 15. f4 h5 16. f5 a5 17. g6 f6 18. Nxb5 d5 19. Bf2 a4 20. Na1 Qc8 
21. Nc3 d4 22. Nd5 Bxa2 23. c3 Rb8 24. Nc2 Nc5 0-1

[Event "N1 Reykjavik Open 2014"]
[Site "Reykjavik, Iceland"]
[Date "2014.03.11"]
[Round "9.98"]
[White "Steingrimsson, Karl Egill"]
[Black "Meier, Gerd"]
[Result "1/2-1/2"]
[WhiteElo "1663"]
[BlackElo "1901"]
[EventDate "2014.03.04"]
[PlyCount "86"]

1. Nf3 Nf6 2. d4 e6 3. Bg5 Be7 4. e3 b6 5. Bd3 Bb7 6. Nbd2 d5 7. c3 Nbd7 
8. Qc2 h6 9. Bxf6 Nxf6 10. h3 Bd6 11. a3 a5 12. O-O O-O 13. Rfe1 Re8 14. 
e4 dxe4 15. Nxe4 Nxe4 16. Bxe4 Bxe4 17. Qxe4 Qf6 18. Ne5 Bxe5 19. dxe5 Qe7
20. Rad1 Rad8 21. Qc6 Kf8 22. Qe4 Kg8 23. Qf3 Qc5 24. Rd3 Rd5 25. Rxd5 
Qxd5 26. Qxd5 exd5 27. f4 Kf8 28. Kf2 g6 29. Ke3 c5 30. Kd3 f6 31. b4 axb4
32. axb4 fxe5 33. fxe5 Ke7 34. Rf1 Rf8 35. Ra1 Ke6 36. bxc5 bxc5 37. Ra6+ 
Kxe5 38. Rxg6 h5 39. c4 Rf5 40. g4 hxg4 41. hxg4 dxc4+ 42. Kxc4 Rf3 43. 
Kxc5 Rg3 1/2-1/2

[Event "N1 Reykjavik Open 2014"]
[Site "Reykjavik, Iceland"]
[Date "2014.03.11"]
[Round "9.99"]
[White "Haraldsson, Oskar"]
[Black "Altman, Joshua"]
[Result "0-1"]
[WhiteElo "1897"]
[BlackElo "1650"]
[EventDate "2014.03.04"]
[PlyCount "0"]

1. e4 c5 2. Nf3 d6 3. d4 cxd4 4. Nxd4 Nf6 5. Nc3 g6 6. Be3 Bg7 7. f3 O-O 
8. Bc4 Nc6 9. Qd2 Bd7 10. O-O-O Rc8 11. Bb3 Ne5 12. Kb1 Re8 13. g4 b5 14. 
h4 b4 15. Nd5 a5 16. h5 Nxd5 17. Bxd5 e6 18. Bh6 Qf6 19. hxg6 exd5 20. 
Bxg7 Qxg7 21. Rxh7 Qxg6 22. Rh6 Qg7 23. exd5 Nc4 24. Qh2 Qxd4 0-1

[Event "N1 Reykjavik Open 2014"]
[Site "Reykjavik, Iceland"]
[Date "2014.03.11"]
[Round "9.100"]
[White "Kjartansson, Dagur"]
[Black "Gardarsson, Halldor"]
[Result "1-0"]
[WhiteElo "1662"]
[BlackElo "1895"]
[EventDate "2014.03.04"]
[PlyCount "0"]

1. c4 e5 2. Nc3 Nc6 3. g3 b6 4. Bg2 Bb7 5. b3 Nf6 6. Bb2 d6 7. e3 Qd7 8. 
Nge2 Be7 9. d4 exd4 10. Nxd4 Rb8 11. Nxc6 Bxc6 12. Nd5 Bxd5 13. cxd5 O-O 
14. Rc1 a5 15. Qc2 Ne8 16. O-O f5 17. e4 fxe4 18. Bxe4 Qh3 19. Bg2 Qd7 20.
 Qc6 Qf5 21. Rce1 Bf6 22. Bxf6 Qxf6 23. Bh3 Qb2 24. Bd7 Nf6 25. Be6+ Kh8 
26. Qxc7 Rfd8 27. Rc1 Qxa2 28. Rc6 Qxb3 29. Rfc1 h6 30. Rxd6 Rf8 31. Bf5 
Rbe8 32. Bg6 Rb8 33. Rxf6 Qb2 34. Rxf8+ Rxf8 35. Qf4 Kg8 36. Qe3 a4 37. 
Rc8 Qf6 38. Rxf8+ Qxf8 39. d6 1-0

[Event "N1 Reykjavik Open 2014"]
[Site "Reykjavik, Iceland"]
[Date "2014.03.11"]
[Round "9.101"]
[White "Schadd, Jan"]
[Black "Einarsson, Oskar Long"]
[Result "0-1"]
[WhiteElo "1893"]
[BlackElo "1599"]
[EventDate "2014.03.04"]
[PlyCount "0"]

1. Nf3 Nf6 2. g3 g6 3. b4 Bg7 4. Bb2 O-O 5. Bg2 c6 6. c4 d6 7. d3 Qb6 8. 
Qb3 Ng4 9. c5 dxc5 10. Bxg7 c4 11. Qb2 Qxf2+ 12. Kd1 Rd8 13. Bf1 Ne3+ 14. 
Kc1 Nxf1 15. Bh6 f6 16. Nc3 cxd3 17. Ne4 Qxe2 18. Qb3+ Rd5 19. Nc3 Qxf3 
20. Nxd5 cxd5 21. Kb2 Qxh1 22. Rxf1 Qg2+ 23. Ka3 Nc6 24. Rg1 Qe4 0-1

[Event "N1 Reykjavik Open 2014"]
[Site "Reykjavik, Iceland"]
[Date "2014.03.11"]
[Round "9.102"]
[White "Nordquelle, Daniel"]
[Black "Jonsson, Olafur Gisli"]
[Result "1-0"]
[WhiteElo "1654"]
[BlackElo "1890"]
[EventDate "2014.03.04"]
[PlyCount "109"]

1. e4 e5 2. f4 Bc5 3. Nf3 d6 4. c3 Nf6 5. d4 exd4 6. cxd4 Bb4+ 7. Bd2 
Bxd2+ 8. Nbxd2 O-O 9. Bd3 Nc6 10. O-O Ng4 11. Qb3 Qf6 12. d5 Nd4 13. Qc4 
c5 14. dxc6 Nxf3+ 15. Rxf3 Qxb2 16. Nb3 Be6 17. Qd4 Qxd4+ 18. Nxd4 bxc6 
19. Nxc6 Rfe8 20. Ba6 Bc8 21. Bxc8 Raxc8 22. Nxa7 Rc2 23. Nb5 f5 24. Nxd6 
fxe4 25. Rg3 Re6 26. Nxe4 Rxe4 27. Rxg4 h5 28. Rg5 h4 29. a4 h3 30. a5 
Rxf4 31. a6 hxg2 32. Rxg2 Rxg2+ 33. Kxg2 Rf8 34. Rb1 Ra8 35. Rb6 Kf8 36. 
Kf3 Ke8 37. Ke4 Kd8 38. Kf5 Kc7 39. Rg6 Kb8 40. h4 Ra7 41. h5 Rc7 42. Rb6+
Ka8 43. Kg6 Ra7 44. Rb5 Rxa6+ 45. Kxg7 Ra7+ 46. Kg6 Ra6+ 47. Kg7 Ra7+ 48. 
Kg6 Ra6+ 49. Kg5 Ra1 50. h6 Rg1+ 51. Kf6 Rh1 52. Kg6 Rg1+ 53. Rg5 Rb1 54. 
h7 Rb6+ 55. Kh5 1-0

[Event "N1 Reykjavik Open 2014"]
[Site "Reykjavik, Iceland"]
[Date "2014.03.11"]
[Round "9.103"]
[White "Kilthau, Peter"]
[Black "Jonasson, Hordur"]
[Result "1-0"]
[WhiteElo "1886"]
[BlackElo "1526"]
[EventDate "2014.03.04"]
[PlyCount "95"]

1. e4 e5 2. Nf3 Nc6 3. Bc4 Bc5 4. c3 Nf6 5. O-O O-O 6. d4 exd4 7. cxd4 Bb6
8. e5 Ne8 9. Bg5 Ne7 10. Re1 h6 11. Bh4 Kh8 12. Qd2 f6 13. Bd3 d5 14. Nc3 
c6 15. b4 Bc7 16. Bg3 fxe5 17. Nxe5 Bxe5 18. Bxe5 Nf6 19. Qe2 Neg8 20. a4 
Ng4 21. Bg3 N4f6 22. f3 Nh5 23. Rac1 Nxg3 24. hxg3 Bf5 25. b5 Bxd3 26. 
Qxd3 Qd6 27. Re5 Rfe8 28. Rce1 Rxe5 29. Rxe5 Nf6 30. Qe3 Rd8 31. Kf2 Qc7 
32. Qd3 c5 33. Kg1 b6 34. Kh2 cxd4 35. Qxd4 Qc4 36. Qxc4 dxc4 37. Re7 Rd7 
38. Rxd7 Nxd7 39. Kg1 g5 40. Kf2 Ne5 41. Ke3 Nd3 42. g4 Kg7 43. g3 Kf6 44.
 f4 Ke6 45. f5+ Ke5 46. Ne4 Nc5 47. Nxc5 bxc5 48. a5 1-0

[Event "N1 Reykjavik Open 2014"]
[Site "Reykjavik, Iceland"]
[Date "2014.03.11"]
[Round "9.104"]
[White "Szumniak, Jedrzej"]
[Black "Eliasson, Kristjan Orn"]
[Result "1-0"]
[WhiteElo "1618"]
[BlackElo "1875"]
[EventDate "2014.03.04"]
[PlyCount "133"]

1. d4 Nf6 2. c4 c6 3. Nc3 d5 4. Nf3 g6 5. Bf4 Bg7 6. e3 O-O 7. a3 Nbd7 8. 
cxd5 Nxd5 9. Nxd5 cxd5 10. Rc1 Qa5+ 11. Qd2 Qxd2+ 12. Kxd2 Nf6 13. Bb5 h6 
14. Rc7 g5 15. Be5 Ne4+ 16. Ke2 f6 17. Bg3 Kf7 18. Nd2 Nxg3+ 19. hxg3 Rd8 
20. Rhc1 a6 21. Ba4 Rb8 22. b4 Bf8 23. Bb3 Be6 24. Ba2 Rd6 25. Nb3 b6 26. 
Ra7 Bd7 27. Kd2 Bb5 28. Rcc7 Ke8 29. Nc1 Kd8 30. Ne2 e6 31. Rf7 Ke8 32. 
Rxf6 a5 33. Rh7 Rbd8 34. Nc3 Bf1 35. bxa5 bxa5 36. Na4 Bxg2 37. Bb1 Be4 
38. Bxe4 dxe4 39. Nc5 e5 40. Re6+ Rxe6 41. Nxe6 Rb8 42. Nxf8 Rb2+ 43. Kc3 
Rxf2 44. Ng6 exd4+ 45. Kxd4 Ra2 46. Kxe4 Rxa3 47. Rxh6 Ra4+ 48. Kf5 Ra3 
49. Kxg5 Rxe3 50. Kf4 Re1 51. Ne5 a4 52. Ra6 Ra1 53. Kg4 a3 54. Nc4 a2 55.
 Ne3 Kf7 56. Nc2 Rc1 57. Rxa2 Kg7 58. Ne3 Kg6 59. Ra6+ Kf7 60. Nf5 Rc7 61.
 Kg5 Rc5 62. g4 Rc1 63. Rf6+ Kg8 64. Kg6 Rf1 65. Nh6+ Kh8 66. Nf7+ Kg8 67.
 Rxf1 1-0

[Event "N1 Reykjavik Open 2014"]
[Site "Reykjavik, Iceland"]
[Date "2014.03.11"]
[Round "9.105"]
[White "Rache, Ralf"]
[Black "Davidsdottir, Nansy"]
[Result "1-0"]
[WhiteElo "1862"]
[BlackElo "1510"]
[EventDate "2014.03.04"]
[PlyCount "0"]

1. e4 c5 2. Nf3 e6 3. d4 cxd4 4. Nxd4 a6 5. Nc3 Nc6 6. Bc4 Qc7 7. Bb3 Nf6 
8. Nxc6 bxc6 9. O-O Be7 10. Re1 O-O 11. e5 Nd5 12. Nxd5 cxd5 13. c3 d6 14.
 Bf4 dxe5 15. Bxe5 Bd6 16. Qd4 Bxe5 17. Rxe5 Bb7 18. Bc2 Rfe8 19. Rae1 Qd6
20. Rg5 Qf8 21. Bxh7+ Kxh7 22. Qh4+ Kg8 23. Rh5 1-0

[Event "N1 Reykjavik Open 2014"]
[Site "Reykjavik, Iceland"]
[Date "2014.03.11"]
[Round "9.106"]
[White "Traustason, Ingi Tandri"]
[Black "Birkisson, Bardur Orn"]
[Result "1-0"]
[WhiteElo "1854"]
[BlackElo "1475"]
[EventDate "2014.03.04"]
[PlyCount "0"]

1. d4 d5 2. c4 c6 3. e3 Nf6 4. Nc3 e6 5. Nf3 Be7 6. Bd3 O-O 7. O-O Nbd7 8.
 Re1 Qc7 9. Qe2 e5 10. dxe5 dxc4 11. Bxc4 Nxe5 12. Nxe5 Qxe5 13. f4 Qc7 
14. h3 Re8 15. Bd3 Bd6 16. Qf2 b6 17. Kh1 Bb7 18. e4 Rad8 19. Bc2 h6 20. 
a3 Qe7 21. Be3 Nd7 22. Rad1 Bc5 23. Bxc5 Qxc5 24. Qh4 Nf6 25. Rxd8 Rxd8 
26. e5 Rd2 27. exf6 Rxc2 28. fxg7 Kxg7 29. Qg4+ Kf8 30. Ne4 Qe7 31. Qh5 
Kg7 32. f5 Qf8 33. Re3 c5 34. Rg3+ Kh8 35. Nf6 Rxg2 36. Rxg2 Qg7 37. Ng4 
Bxg2+ 38. Kxg2 Qxb2+ 39. Nf2 Qg7+ 40. Qg4 Qxg4+ 41. hxg4 Kg7 42. Ne4 c4 
43. Kf3 b5 44. Nc3 a6 45. Ke4 Kf6 46. Kf4 Ke7 47. Ke5 f6+ 48. Kd5 Kd7 49. 
Kc5 Kc7 50. Nd5+ Kb7 51. Kb4 Kc6 52. Nxf6 a5+ 53. Kc3 b4+ 54. axb4 axb4+ 
55. Kxc4 Kd6 56. Kxb4 Ke5 57. Nh5 Kd6 58. Kc4 Ke7 59. Kd5 Kf7 60. Ke5 Ke7 
61. f6+ Kf7 62. Kf5 Kf8 63. Kg6 Kg8 64. f7+ Kf8 65. Nf6 1-0

[Event "N1 Reykjavik Open 2014"]
[Site "Reykjavik, Iceland"]
[Date "2014.03.11"]
[Round "9.107"]
[White "Steinthorsson, Felix"]
[Black "Forsa, Elise"]
[Result "0-1"]
[WhiteElo "1530"]
[BlackElo "1830"]
[EventDate "2014.03.04"]
[PlyCount "72"]

1. d4 d5 2. c4 dxc4 3. Nf3 Nf6 4. e3 b5 5. a4 b4 6. Bxc4 e6 7. O-O Be7 8. 
Nbd2 Bb7 9. Nb3 c6 10. a5 a6 11. Bd2 Ne4 12. Qe2 Nd7 13. Rfd1 Qc7 14. Bd3 
Nef6 15. Rdc1 e5 16. dxe5 Nxe5 17. Nxe5 Qxe5 18. Rc2 Bd6 19. f4 Qe7 20. e4
Bb8 21. Kh1 O-O 22. Nc5 Re8 23. e5 Nd5 24. Bxa6 Bxa6 25. Nxa6 Rc8 26. Qc4 
b3 27. Rcc1 Ba7 28. Nb4 Nxb4 29. Qxb4 Qd7 30. Bc3 Qg4 31. Qe4 Rd8 32. Qxc6
Rac8 33. Qe4 Rxc3 34. bxc3 b2 35. Qc2 bxa1=Q 36. Rxa1 Qxf4 0-1

[Event "N1 Reykjavik Open 2014"]
[Site "Reykjavik, Iceland"]
[Date "2014.03.11"]
[Round "9.109"]
[White "Thorsteinsdottir, Gudlaug"]
[Black "Halldorsson, Haukur"]
[Result "1-0"]
[WhiteElo "2056"]
[BlackElo "1669"]
[EventDate "2014.03.04"]
[PlyCount "0"]

1. e4 c5 2. Nf3 Nc6 3. Nc3 d6 4. Bb5 Bd7 5. O-O Nf6 6. Re1 e5 7. Bxc6 Bxc6
8. d3 Be7 9. Ne2 h6 10. Ng3 Bd7 11. c3 Bg4 12. d4 Bxf3 13. Qxf3 g6 14. Qe2
Qb6 15. a4 cxd4 16. cxd4 Qxd4 17. Qb5+ Kf8 18. Be3 1-0

[Event "N1 Reykjavik Open 2014"]
[Site "Reykjavik, Iceland"]
[Date "2014.03.11"]
[Round "9.110"]
[White "Klyszcz, Michael"]
[Black "Holm, Fridgeir K"]
[Result "1-0"]
[WhiteElo "2011"]
[BlackElo "1729"]
[EventDate "2014.03.04"]
[PlyCount "0"]

1. Nf3 b6 2. d4 d5 3. Bg5 Nf6 4. e3 Bg4 5. Be2 Ne4 6. Bh4 f6 7. Nbd2 Nd6 
8. c4 c6 9. cxd5 cxd5 10. Qb3 Nf5 11. Bb5+ Kf7 12. Bg3 e6 13. Rc1 Bd6 14. 
O-O a6 15. Bd3 Ne7 16. h3 Bh5 17. e4 Bxf3 18. Nxf3 dxe4 19. Bxe4 Ra7 20. 
Rce1 Rd7 21. Ba8 Re8 22. Rxe6 Kf8 23. Rfe1 Bxg3 24. fxg3 Qc7 25. Ne5 fxe5 
26. Rf1+ Nf5 27. Rxe8+ Kxe8 28. Qg8+ Ke7 29. Rxf5 Qc1+ 30. Kh2 Nc6 31. 
Bxc6 Qxc6 32. Qf8+ 1-0

[Event "N1 Reykjavik Open 2014"]
[Site "Reykjavik, Iceland"]
[Date "2014.03.11"]
[Round "9.111"]
[White "Sigurvaldason, Hjalmar"]
[Black "Saraiva, Alexandre Pacheco"]
[Result "0-1"]
[WhiteElo "1512"]
[BlackElo "1963"]
[EventDate "2014.03.04"]
[PlyCount "0"]

1. e4 d5 2. exd5 Qxd5 3. Nc3 Qa5 4. d4 c6 5. Nf3 Nf6 6. h3 e6 7. Bc4 Ne4 
8. Bd2 Nxd2 9. Qxd2 Be7 10. O-O O-O 11. Ne4 Qd8 12. c3 b6 13. Rfd1 Re8 14.
 Bb3 Qc7 15. c4 Bf8 16. Bc2 Bb7 17. b3 Ba3 18. Ng3 Na6 19. Bd3 Rad8 20. 
Qg5 h6 21. Qg4 Kh8 22. Nh4 g5 23. Qh5 Bf8 24. Nf3 Kg8 25. h4 f6 26. Qg6+ 
Qg7 27. hxg5 fxg5 28. Qxg7+ Bxg7 29. Bg6 Rf8 30. Be4 Rd7 31. Rd2 Rfd8 32. 
Rad1 g4 33. Nh2 Bxd4 34. Kf1 Nc5 35. Bb1 Bg7 36. Rxd7 Rxd7 37. Rxd7 Nxd7 
38. Nxg4 c5 39. Be4 Bc8 40. Nh5 Bf8 41. Nhf6+ Nxf6 42. Nxf6+ Kf7 43. Ng4 
Bg7 44. Ne3 Bd4 45. Ke2 Kf6 46. Nc2 Ke5 47. f3 Kf4 48. g4 e5 49. Ne1 Kg3 
50. Nd3 Bd7 51. a4 Bc3 52. Nc1 a6 53. Bb7 b5 54. axb5 axb5 55. Bd5 b4 56. 
Nd3 Bd4 57. Nc1 Be8 58. Nd3 Bg6 59. Kd2 e4 60. fxe4 Kxg4 61. e5 Bxd3 62. 
Kxd3 Bxe5 63. Bh1 Kg3 64. Ke4 Bd4 65. Bf3 Kf2 66. Bh5 Kg3 67. Kf5 Kh4 68. 
Kg6 Be3 69. Bd1 Bc1 70. Be2 Kg3 71. Kf5 Kf2 72. Bd1 Ke3 73. Bc2 Kd2 74. 
Bb1 Kc3 75. Ba2 Kb2 0-1

[Event "N1 Reykjavik Open 2014"]
[Site "Reykjavik, Iceland"]
[Date "2014.03.11"]
[Round "9.112"]
[White "Danielsson, Sigurdur"]
[Black "Davidsson, Oskar Vikingur"]
[Result "1/2-1/2"]
[WhiteElo "1953"]
[BlackElo "1404"]
[EventDate "2014.03.04"]
[PlyCount "95"]

1. e4 c5 2. b4 e6 3. bxc5 Bxc5 4. d4 Bb6 5. Bb2 Ne7 6. f4 d6 7. Nf3 O-O 8.
 Bd3 Nbc6 9. O-O e5 10. c3 exf4 11. Kh1 Bg4 12. h3 Bxf3 13. Qxf3 Ng6 14. 
Nd2 Re8 15. Rae1 Qd7 16. Nc4 Bc7 17. Bc1 Rad8 18. Bxf4 Nxf4 19. Qxf4 d5 
20. Ne5 Nxe5 21. dxe5 Bxe5 22. Qh4 Bxc3 23. exd5 g6 24. Rc1 Bg7 25. Bc4 
Qe7 26. Qf2 Rd6 27. Rce1 Qd7 28. Rxe8+ Qxe8 29. Qxa7 Qe7 30. Qb8+ Bf8 31. 
a4 b6 32. Qa8 Qc7 33. Qe8 Rd8 34. Qe4 Bd6 35. h4 h5 36. Rf6 Kg7 37. Rf3 
Rc8 38. Bb5 Qc5 39. Rf1 Qb4 40. Qxb4 Bxb4 41. Bc6 Bd6 42. Rb1 Bc5 43. Kh2 
Rc7 44. Rb5 Ra7 45. Rb3 Re7 46. Rc3 Re4 47. Kh3 Re7 48. Rd3 1/2-1/2

[Event "N1 Reykjavik Open 2014"]
[Site "Reykjavik, Iceland"]
[Date "2014.03.11"]
[Round "9.113"]
[White "Hansen, Erle Andrea Marki"]
[Black "Birkisson, Bjorn Holm"]
[Result "1-0"]
[WhiteElo "1810"]
[BlackElo "1598"]
[EventDate "2014.03.04"]
[PlyCount "0"]

1. d4 c5 2. d5 e6 3. c4 d6 4. Nc3 Nf6 5. e4 Nbd7 6. Nf3 Be7 7. Bd3 O-O 8. 
O-O Ne5 9. Nxe5 dxe5 10. h3 h6 11. f4 exf4 12. Bxf4 Nh7 13. Qf3 Bg5 14. 
Bh2 b6 15. Rae1 Qf6 16. Qe2 Qe7 17. e5 a6 18. d6 Qa7 19. Ne4 Bb7 20. Qg4 
Rac8 21. Nxg5 Nxg5 22. Bf4 Bc6 23. h4 Nh7 24. Bxh6 g6 25. Bxf8 Rxf8 26. h5
g5 27. Rf2 Kh8 28. Ref1 b5 29. Bxh7 Kxh7 30. Qxg5 f5 31. exf6 Rg8 32. Qe3 
Qb7 33. f7 Rf8 34. Rf6 1-0

[Event "N1 Reykjavik Open 2014"]
[Site "Reykjavik, Iceland"]
[Date "2014.03.11"]
[Round "9.114"]
[White "Kravchuk, Mykhaylo"]
[Black "de Winter, Eric"]
[Result "1/2-1/2"]
[WhiteElo "1470"]
[BlackElo "1804"]
[EventDate "2014.03.04"]
[PlyCount "0"]

1. e4 g6 2. Nf3 d6 3. d4 Bg7 4. c4 c5 5. d5 Nf6 6. Nc3 Bg4 7. Bd3 Nbd7 8. 
h3 Bxf3 9. Qxf3 Ne5 10. Qe2 a6 11. O-O Nxd3 12. Qxd3 Qc7 13. Be3 Nd7 14. 
f4 O-O 15. Rae1 Rab8 16. Rc1 1/2-1/2

[Event "N1 Reykjavik Open 2014"]
[Site "Reykjavik, Iceland"]
[Date "2014.03.11"]
[Round "9.115"]
[White "Palsdottir, Soley Lind"]
[Black "Norlander, Svante"]
[Result "1/2-1/2"]
[WhiteElo "1450"]
[BlackElo "1754"]
[EventDate "2014.03.04"]
[PlyCount "119"]

1. e4 c5 2. Nf3 d6 3. d4 cxd4 4. Nxd4 Nf6 5. Nc3 a6 6. Bd3 Nbd7 7. Be3 Qc7
8. O-O e6 9. h3 Be7 10. f4 b6 11. Qe2 Nc5 12. Nf3 Bb7 13. Bxc5 bxc5 14. e5
Nd7 15. Nd1 d5 16. c3 O-O 17. Nf2 h6 18. Rad1 Qc6 19. Bb1 Rfd8 20. Kh1 Nf8
21. Qc2 a5 22. a4 Ba6 23. Rg1 Rab8 24. b3 Rb7 25. Ba2 Rdb8 26. Rb1 Qd7 27.
 Rgd1 Rc7 28. Qd2 Qc6 29. Rdc1 Rd8 30. Ng4 h5 31. Nf2 g6 32. Nd1 Qa8 33. 
Ne3 Rcd7 34. Qe1 Bb7 35. Qf2 d4 36. cxd4 cxd4 37. Nc4 Be4 38. Nb6 Qa7 39. 
Nxd7 Rxd7 40. Rd1 Bxb1 41. Bxb1 Bc5 42. Qb2 Nh7 43. Bd3 Kg7 44. Bc4 Qb6 
45. Qe2 Rd8 46. Qe1 Nf8 47. Qe2 Nd7 48. Nd2 Nb8 49. Ne4 Be7 50. Nf2 Nc6 
51. Nd3 Bh4 52. Qf3 Be7 53. Bb5 Nb4 54. Nxb4 Bxb4 55. Bc4 Bc3 56. Qg3 Qb4 
57. Qg5 Qb6 58. Qf6+ Kg8 59. f5 gxf5 60. Qg5+ 1/2-1/2

[Event "N1 Reykjavik Open 2014"]
[Site "Reykjavik, Iceland"]
[Date "2014.03.11"]
[Round "9.116"]
[White "Roets, Marius H"]
[Black "Kolka, Dawid"]
[Result "1/2-1/2"]
[WhiteElo "1437"]
[BlackElo "1736"]
[EventDate "2014.03.04"]
[PlyCount "100"]

1. d4 c6 2. c4 d5 3. Nf3 Nf6 4. Nc3 e6 5. Bg5 Nbd7 6. cxd5 exd5 7. e3 Be7 
8. Bd3 O-O 9. O-O h6 10. Bh4 Re8 11. Rb1 Nf8 12. Qc2 Be6 13. b4 a6 14. a4 
Rc8 15. a5 N8d7 16. Na4 Qc7 17. Nc5 Bg4 18. Nd2 Nxc5 19. bxc5 Qd7 20. Qb3 
Ne4 21. Nxe4 dxe4 22. Bxe7 Qxe7 23. Bc4 Rc7 24. Rb2 Rd8 25. Rfb1 Rdd7 26. 
h3 Bf5 27. Qd1 Qg5 28. Kh2 Qg6 29. Be2 Qf6 30. Bg4 Re7 31. Bxf5 Qxf5 32. 
Qg4 Qxg4 33. hxg4 Kf8 34. Kg3 Ke8 35. Kf4 Rcd7 36. Rb3 Kd8 37. f3 g5+ 38. 
Kg3 Kc8 39. Rh1 exf3 40. gxf3 Re6 41. Rd3 Kc7 42. e4 Rd8 43. Rb1 Re7 44. 
d5 cxd5 45. exd5 Re5 46. Rbd1 Rd7 47. Rd4 Re3 48. R1d3 Re2 49. Rd2 Re3 50.
 R4d3 Re1 1/2-1/2

[Event "N1 Reykjavik Open 2014"]
[Site "Reykjavik, Iceland"]
[Date "2014.03.11"]
[Round "9.117"]
[White "Stolberg-Rohr, Thomine"]
[Black "Bragason, Gudmundur Agnar"]
[Result "1-0"]
[WhiteElo "1964"]
[BlackElo "1349"]
[EventDate "2014.03.04"]
[PlyCount "0"]

1. d4 d6 2. e4 e5 3. dxe5 Qe7 4. Nf3 dxe5 5. Bg5 Qb4+ 6. Nc3 f6 7. Bd2 Be6
8. Bd3 Nc6 9. Nd5 Qd6 10. Ne3 O-O-O 11. O-O Bg4 12. Nxg4 h5 13. Ne3 g5 14.
 a3 g4 15. Nh4 Nd4 16. Nef5 Qb6 17. Nxd4 Qxd4 18. Ng6 Rh7 19. Nxf8 Rxf8 
20. b4 Rff7 21. Be3 Qd7 22. Bc4 Qxd1 23. Rfxd1 Rfg7 24. Be6+ Rd7 25. Rxd7 
Rxd7 26. Rd1 1-0

[Event "N1 Reykjavik Open 2014"]
[Site "Reykjavik, Iceland"]
[Date "2014.03.11"]
[Round "9.118"]
[White "Maggason, Oskar"]
[Black "Sigurdarson, Alec Elias"]
[Result "1-0"]
[WhiteElo "1882"]
[BlackElo "1309"]
[EventDate "2014.03.04"]
[PlyCount "81"]

1. e4 e5 2. d4 exd4 3. c3 dxc3 4. Bc4 cxb2 5. Bxb2 Nf6 6. e5 Bb4+ 7. Kf1 
Ne4 8. Qb3 Qe7 9. Qe3 Nc5 10. Nc3 Bxc3 11. Bxc3 Ne6 12. Ne2 Qc5 13. Qe4 
Nc6 14. h4 b6 15. Kg1 Bb7 16. Rd1 O-O-O 17. Bb3 Kb8 18. Rh3 Ne7 19. Qg4 h5
20. Qg3 Ng6 21. Kh1 Ba6 22. Nd4 Rhe8 23. Nxe6 dxe6 24. Rxd8+ Rxd8 25. Bc2 
Bb7 26. Qg5 Qe7 27. Qe3 Nxh4 28. Be4 Nf5 29. Qf3 Bxe4 30. Qxe4 g6 31. a4 
Qa3 32. a5 Qc1+ 33. Kh2 Rd1 34. g4 Ng7 35. a6 Kc8 36. Bd4 Qc4 37. Qb7+ Kd7
38. Rc3 Qxd4 39. Rxc7+ Ke8 40. Rc8+ Qd8 41. Rxd8+ 1-0

[Event "N1 Reykjavik Open 2014"]
[Site "Reykjavik, Iceland"]
[Date "2014.03.11"]
[Round "9.121"]
[White "Petersen, Jakob Alexander"]
[Black "Magnusdottir, Veronika Steinun"]
[Result "0-1"]
[WhiteElo "1425"]
[BlackElo "1595"]
[EventDate "2014.03.04"]
[PlyCount "78"]

1. c4 c6 2. d4 d5 3. Nf3 Nf6 4. Nc3 e6 5. Bg5 Nbd7 6. e3 Qa5 7. Nd2 Bb4 8.
 Qc2 dxc4 9. Bxc4 Qxg5 10. O-O b5 11. Be2 Bb7 12. a3 Be7 13. Nf3 Qh6 14. 
Rac1 O-O 15. h3 a6 16. Ne4 Nxe4 17. Qxe4 Rac8 18. b4 Ba8 19. Qd3 Rfd8 20. 
Qb3 Bf6 21. Rfd1 e5 22. dxe5 Nxe5 23. Nxe5 Bxe5 24. Bf3 Rxd1+ 25. Rxd1 Qf6
26. Bg4 Rd8 27. Rxd8+ Qxd8 28. Bf3 h6 29. Qc2 Bb7 30. Kf1 Bf6 31. Ke2 Qc7 
32. Be4 Qe5 33. Kd3 Qd6+ 34. Ke2 Qe5 35. Kd3 Qb2 36. Qxb2 Bxb2 37. Kc2 
Bxa3 38. Kb3 Bxb4 39. Kxb4 c5+ 0-1

[Event "N1 Reykjavik Open 2014"]
[Site "Reykjavik, Iceland"]
[Date "2014.03.11"]
[Round "9.123"]
[White "Kristbergsson, Bjorgvin"]
[Black "Finnsson, Johann Arnar"]
[Result "1-0"]
[WhiteElo "1175"]
[BlackElo "1471"]
[EventDate "2014.03.04"]
[PlyCount "65"]

1. c3 g6 2. g3 Bg7 3. b3 d6 4. Bg2 Nf6 5. h3 O-O 6. Bb2 c6 7. Nf3 Bf5 8. 
d3 d5 9. g4 Bd7 10. O-O Re8 11. Nbd2 Qc7 12. c4 e6 13. Be5 Qd8 14. Nh2 Bc8
15. Bxb8 Rxb8 16. Rb1 h5 17. g5 Nd7 18. f4 Qa5 19. Qc2 Qb6+ 20. Kh1 Qe3 
21. Rbe1 Qb6 22. Rf3 Qb4 23. Rd1 dxc4 24. dxc4 Nb6 25. Ne4 e5 26. Nf6+ 
Bxf6 27. gxf6 Bf5 28. e4 Bc8 29. f5 gxf5 30. Qc1 f4 31. Rg3+ fxg3 32. Qg5+
Kh7 33. Qg7# 1-0